00554nam a2200181 a 450000100100000000500170001000800410002704000250006808200170009310000370011024500430014726000500019030000210024049000280026165000200028965000350030983000280034400002124520200930011254.0100902s1972 sp 000 f spa d aDO-SdBNPbspacBNPHU a843.8bM777c1 aMontepin, Xavier de,d1823-1902.10aEl coche no. 13 /cXavier de Montepin. aBarcelona, España :bRamón Sopena,c1972. a760 p. ;c18 cm.1 aBiblioteca sopenav11-2 4aNovela francesa 4aLiteratura francesaySIGLO XIX 0aBiblioteca sopenav11-2